MARC

LEADER 00000nam0a2200000 4500
001 284648
005 20231101235721.0
020 |a RU  |b 85-37759 
035 |a (RuTPU)RU\TPU\book\308827 
090 |a 284648 
100 |a 20150217d1985 k y0rusy5003 ca 
101 0 |a rus 
102 |a UA 
105 |a a z 001zy 
200 1 |a Раздельное преобразование комплексных сопротивлений  |f Е. Е. Добров [и др.]  |g под ред. Г. А. Штамбергера 
210 |a Львов  |c Вища школа  |d 1985 
215 |a 135 с.  |c ил. 
320 |a Библиогр.: с. 128-132 
606 |a Преобразователи электронные  |2 stltpush  |3 (RuTPU)RU\TPU\subj\51382  |9 69977 
610 1 |a квазиуравновешенные измерительные преобразователи 
610 1 |a управляемые делители 
610 1 |a напряжение 
610 1 |a ток 
610 1 |a погрешности 
610 1 |a сопротивления 
610 1 |a интервалы времени 
610 1 |a преобразование 
610 1 |a устройства 
610 1 |a схемы 
675 |a 621.317.733  |v 3 
701 1 |a Добров  |b Е. Е.  |g Евгений Евгеньевич 
701 1 |a Татаринцев  |b И. Г.  |g Игорь Георгиевич 
701 1 |a Чорноус  |b В. Н.  |g Виктор Николаевич 
701 1 |a Штамбергер  |b Г. А.  |g Генрих Абрамович 
702 1 |a Штамбергер  |b Г. А.  |g Генрих Абрамович  |4 340 
801 0 |a RU  |b RuMRKP  |c 19950704  |g psbo 
801 1 |a RU  |b 63413507  |c 20150217 
801 2 |a RU  |b 63413507  |c 20171030  |g RCR 
942 |c BK